Les 14 sites internet les plus visités en 2022 - Statistiques

Statistiques générales
  • Ce quiz a été pris 395 fois
  • Le résultat moyen est 6 sur 14
Statistiques - réponses
Milliards de Visites Pays d'Origine Site % Correct
84,7 États-Unis Google
88%
18,2 États-Unis Facebook
72%
6,2 États-Unis Instagram
72%
2,5 Canada Pornhub
72%
33,0 États-Unis Youtube
71%
2,4 États-Unis Amazon
62%
6,8 États-Unis Twitter
57%
3,3 États-Unis Yahoo
25%
4,7 États-Unis Wikipedia
24%
2,2 France Xnxx
17%
2,8 États-Unis Whatsapp
13%
2,9 France Xvideos
12%
5,1 Chine Baidu
5%
3,6 Russie Yandex
3%
Aucun quiz correspondant
Distribution des résultats
% des personnes avec chaque résultat
Percentile par nombre de réponses
Votre historique - résultats
Vous n’avez pas pris ce quiz